| 000 | 01801nam a2200373 i 4500 | ||
|---|---|---|---|
| 001 | 768714001 | ||
| 003 | CO-MdFUSB | ||
| 005 | 20260320105142.0 | ||
| 007 | ta | ||
| 008 | 241006t1981 SP b|||| |||| 001 0 spa d | ||
| 020 | _a84-254-0820-2 | ||
| 040 |
_bspa. _aCO-MdFUSB _cCO-MdFUSB _dCO-MdFUSBC _erda |
||
| 041 |
_aspa _hger |
||
| 082 |
_223 _a226.207 _bSCH348 |
||
| 100 |
_aSchmid, Josef _eautor |
||
| 240 | _aDas Evangelium nach Markus | ||
| 245 | 3 |
_aEl evangelio según san Marcos _c/ Josef Schmid ; traducido por Mercedes González-Haba |
|
| 250 | _atercera edición | ||
| 264 | 1 |
_aBarcelona (España) : _bHerder, _c[1981] |
|
| 264 | 4 | _c©1981 | |
| 300 |
_a452 páginas _b: mapas _c; 23 cm |
||
| 336 |
_2rdacontent _atexto _btxt |
||
| 337 |
_2rdamedia _asin mediación _bn |
||
| 338 |
_2rdacarrier _avolumen _bnc |
||
| 490 | _aBiblioteca Herder | ||
| 500 | _aIncluye índice general, índice de excursus, bibliografía | ||
| 505 |
_gParte primera: _tActividad de Jesús en Galilea, 1,14-6,6a: _aComienzos de la actividad pública de Jesús. -- Los adversarios comienzan la lucha contra Jesús. -- Jesús y el pueblo. _gParte segunda: _tJesús en peregrinación continua, 1,14-45: _aJesús fuera de Galilea. -- Misión de los apóstoles. -- Camino de la pasión. -- Jesús revela a sus discípulos el verdadero carácter de su mesianidad. _gParte tercera: _tLos últimos días de Jesús en Jerusalén, 11-16: _aActuación postrera de Jesús. -- Jesús entra como Mesías en Jerusalén. -- La pasión y la resurrección de Jesús. |
||
| 563 | _aTapa dura | ||
| 630 | 0 | 7 |
_aBiblia. _pMarcos _vCrítica e interpretación |
| 650 | 7 |
_aHermenéutica bíblica _2embne _97333 |
|
| 700 |
_aGonzález-Haba, Mercedes _910893 _etraductor |
||
| 942 | _cBK | ||
| 945 | _aCatherine Arias Alvarez | ||
| 999 |
_c71047 _d71047 |
||